[Event "Brescia Province-ch"]
[Site "Ghedi"]
[Date "2015.01.25"]
[Round "3"]
[White "Peli, Jordan"]
[Black "Conti, Ferdinando"]
[Result "1-0"]
[WhiteElo "1518"]
[BlackElo "1679"]
[PlyCount "49"]
[EventDate "2015.01.24"]
[EventType "swiss"]
[EventRounds "6"]
[EventCountry "ITA"]
[SourceTitle "EXT 2017"]
[Source "ChessBase"]
[SourceDate "2016.10.25"]
[SourceVersion "1"]
[SourceVersionDate "2016.10.25"]
[SourceQuality "1"]

1. e4 c5 2. c3 d5 3. exd5 Qxd5 4. Nf3 Bg4 5. Be2 Nf6 6. Na3 a6 7. Nc2 e6 8. Ne3 Qd8 9. Nxg4 Nxg4 10. h3 Nf6 11. d4 Be7 12. Bg5 Qc7 13. Bd3 0-0 14. Qc2 h6 15. Bxf6 Bxf6 16. dxc5 Qxc5 17. g4 Qe7 18. h4 g6 19. g5 hxg5 20. hxg5 Bxg5 21. Bxg6 f5 22. Rg1 Bh6 23. Bxf5+ Bg7 24. Bh7+ Kf7 25. Qg6# 1-0

[Event "Brescia Province-ch"]
[Site "Ghedi"]
[Date "2013.02.03"]
[Round "5"]
[White "Dieli, Riccardo"]
[Black "Peli, Jordan"]
[Result "1-0"]
[WhiteElo "1862"]
[BlackElo "1431"]
[PlyCount "79"]
[EventDate "2013.01.26"]
[EventType "swiss"]
[EventRounds "6"]
[EventCountry "ITA"]
[SourceTitle "EXT 2014"]
[Source "ChessBase"]
[SourceDate "2013.11.20"]
[SourceVersion "1"]
[SourceVersionDate "2013.11.20"]
[SourceQuality "1"]

1. Nf3 Nf6 2. d4 g6 3. Nc3 d5 4. g3 Bg7 5. Bg2 0-0 6. 0-0 c6 7. Re1 Bf5 8. Bf4 Nbd7 9. Rc1 Ne4 10. Nh4 Nxc3 11. bxc3 Be6 12. Qd2 Re8 13. Bh6 Bh8 14. Nf3 Qa5 15. Ng5 Bf5 16. f3 f6 17. g4 Bxg4 18. fxg4 fxg5 19. Bxg5 e5 20. e3 e4 21. h4 Bg7 22. Rb1 b5 23. Bf4 Rac8 24. Bd6 Nb6 25. Bb4 Qa6 26. g5 Bf8 27. Bh3 Rcd8 28. Qf2 Bxb4 29. cxb4 Rf8 30. Be6+ Kg7 31. Qg3 Nd7 32. Qd6 Qc8 33. Rf1 Qb8 34. Qe7+ Kh8 35. Rxf8+ Rxf8 36. Kg2 Qd8 37. Qxd7 Qxd7 38. Bxd7 Rf3 39. Re1 h5 40. Bxc6 1-0